UBT Library

MODERATE AND SEVERE DISABILITIES (Record no. 58713)

000 -LEADER
fixed length control field 00340nam a22001457a 4500
008 - FIXED-LENGTH DATA ELEMENTS--GENERAL INFORMATION
fixed length control field 221102b ||||| |||| 00| 0 eng d
020 ## - INTERNATIONAL STANDARD BOOK NUMBER
International Standard Book Number 2900312601408
041 ## - LANGUAGE CODE
Language code of text/sound track or separate title eng
080 ## - UNIVERSAL DECIMAL CLASSIFICATION NUMBER
Edition identifier second edition
Universal Decimal Classification number 004
082 ## - DEWEY DECIMAL CLASSIFICATION NUMBER
Edition number 004
100 ## - Rafti
Rafti 19.2
101 ## - Shkurtesa
Shkurtesa shk
245 ## - TITLE STATEMENT
Title MODERATE AND SEVERE DISABILITIES
Statement of responsibility, etc COLLINS B
942 ## - ADDED ENTRY ELEMENTS (KOHA)
Source of classification or shelving scheme
Item type Books
Holdings
Withdrawn status Lost status Source of classification or shelving scheme Damaged status Not for loan Collection code Permanent location Current location Date acquired Total Checkouts Full call number Barcode Date last seen Price effective from Koha item type
          Koleksioni i përgjithshem UBT - Lipjan UBT - Lipjan 11/02/2022   004 COL 002-800028700260401 11/02/2022 11/02/2022 Books
          Koleksioni i përgjithshem UBT - Lipjan UBT - Lipjan 11/04/2022   51 GRE 002-800028700260446 11/04/2022 11/04/2022 Books
          Koleksioni i përgjithshem UBT - Lipjan UBT - Lipjan 11/04/2022   51 GRE 002-800028700260447 11/04/2022 11/04/2022 Books
UBT Library © 2015-2024. All rights reserved University Education for Business and Technology